|
|
|
|
| LEADER |
00000nam0a2200000 4500 |
| 001 |
312465 |
| 005 |
20231102002504.0 |
| 035 |
|
|
|a (RuTPU)RU\TPU\book\337834
|
| 035 |
|
|
|a RU\TPU\book\50236
|
| 090 |
|
|
|a 312465
|
| 100 |
|
|
|a 20151223d1965 m y0rusy50 ca
|
| 101 |
0 |
|
|a rus
|
| 102 |
|
|
|a RU
|
| 105 |
|
|
|a a j 001zy
|
| 200 |
1 |
|
|a Основы автоматики и автоматизация производственных процессов
|e учебник
|f О. П. Шишкин, А. Н. Парфенов
|
| 210 |
|
|
|a Москва
|c Недра
|d 1965
|
| 215 |
|
|
|a 340 с.
|c ил.
|
| 320 |
|
|
|a Библиогр.: с. 336-338.
|
| 606 |
1 |
|
|a Автоматика
|2 stltpush
|3 (RuTPU)RU\TPU\subj\749
|9 29560
|
| 606 |
1 |
|
|a Нефтедобыча
|x Автоматизация комплексная
|x Экономическая эффективность
|2 stltpush
|3 (RuTPU)RU\TPU\subj\45676
|9 64869
|
| 610 |
1 |
|
|a автоматика
|
| 610 |
1 |
|
|a нефтедобыча
|
| 610 |
1 |
|
|a нефть
|
| 610 |
1 |
|
|a газ
|
| 610 |
1 |
|
|a телемеханика
|
| 610 |
1 |
|
|a автоматическое регулирование
|
| 610 |
1 |
|
|a автоматизированные системы
|
| 610 |
1 |
|
|a нефтяные промыслы
|
| 610 |
1 |
|
|a месторождения
|
| 610 |
1 |
|
|a производственные процессы
|
| 610 |
1 |
|
|a средства автоматизации
|
| 610 |
1 |
|
|a учебники
|
| 675 |
|
|
|a 681.51(075.8)
|v 3
|
| 675 |
|
|
|a 622.323.012:658.5(075.8)
|v 3
|
| 700 |
|
1 |
|a Шишкин
|b О. П.
|g Олег Петрович
|
| 701 |
|
1 |
|a Парфенов
|b А. Н.
|g Афанасий Николаевич
|
| 801 |
|
1 |
|a RU
|b 63413507
|c 20030303
|g PSBO
|
| 801 |
|
2 |
|a RU
|b 63413507
|c 20220222
|g PSBO
|
| 942 |
|
|
|c BK
|